Šesť dekád majstra sakrálnej tvorby Stana Dusíka

Bibliographic Details
Main Author: Košiar, Ján, 1960- (Author)
Format: Article
Language:Slovak
PhysicalDescription:Fotogr.
ISSN:1335-4396
Subjects:

MARC

LEADER 00000nab a2200000 ar4500
001 vtls008997629
003 SK-MaSNL
005 20260303065812.0
008 070611c2006 xo mr|p|||||||000 b|slo
015 |a SNBRB2007/06  |2 snkbucl 
038 |a SNKBUCL 
040 |a SNKBUCL  |b slo  |c SNKBUCL  |e AACR2 
041 0 |a slo 
044 |a xo  |c SK 
080 |a 75.071.1  |2 1997 
080 |a 76.071.1  |2 1997 
100 1 |a Košiar, Ján,  |d 1960-  |4 aut  |9 207429 
245 1 0 |a Šesť dekád majstra sakrálnej tvorby Stana Dusíka  |c Ján Košiar 
300 |b Fotogr. 
600 1 7 |a Dusík, Stano,  |d 1946-2019  |2 snkbucl  |9 194506 
650 0 7 |a sakrálne umenie  |2 snkbucl  |9 1064 
773 0 |t Slovenské zahraničie  |g Roč. XI, č. 2-3 (2006), s. 29  |x 1335-4396 
852 |a SNK  |b KIS3GCP 
958 |a BX 
999 |c 1752778  |d 1754708